000 00688cam a2200289 4500
001 J2139
008 090401t1994 xxu||||| |||| 00| 0 eng d
035 _a(Sirsi) u47419
041 _aeng
050 _a333.337094
110 _aKnight Frank and Rutley
_91990
245 _aProperty report Europe. - Edition 7 (January 1994)
260 _aLondon
_bKnight Frank and Rutley
_c1994
300 _a8p. ; 30cm.
350 _a0
650 _aBELGIUM
650 _aEUROPE
650 _aFRANCE
650 _aGERMANY
650 _aITALY
650 _aOFFICES
650 _aPROPERTY MARKET
650 _aSPAIN
690 _aOVERSEAS-EUROPE
942 _n0
948 _c04/03/1997
999 _c92121
_d92121